000 00810nam a22002297a 4500
005 20100810163835.0
010 _aENG-99419
020 _a9788190736053
_c110.00
035 _aEN-82951
037 _bDBAD/PUB
082 _a005.2762
100 _aVelmurugan, R.
_910474
245 _aPHP Programming /
_cby R. Velmurugan
260 _aChennai
_bAvvai Pathippagam
_c2007
270 _aNo: 15, ko.su.mani Street Choolaimedu
_bChennai
_e17
300 _a155p.
_c21cm (pbk)
500 _aIncludes bibliographical references
650 _aComputer Programe Language
_910475
650 _aWebsite Design
_910476
942 _2ddc
_cEN
_h005.2762
_mVEL
999 _c40810
_d40810